000 00881nam a2200253 a 4500
008 951213s1984||||[C 0 slo c
020 _c17 Kčs.
_q(25700 výtl.)
040 _aSNK
_bslo
_cSNK
_eAACR2
041 1 _aslo
_hspa
044 _axo
_cSK
080 _a860 (861)-3
100 1 _aMárquez, Gabriel García
_4aut
245 1 0 _aKronika vopred ohlásenej smrti
_cGabriel García Márquez ; Jarmila Srnenská, Ľubica Štuková, Pavol Blažo, Dušan Nágel
250 _a1., vyd.
260 _aBratislava
_bSmena
_c1984
_eBratislava
_fPravda
300 _a96 s., 6,11 AH
_c21 cm
490 0 _aMáj
_vZv. 438.
500 _aIlustr. na front. Spoluvyd. Lidové nakladatelství, Mladá fronta a Naše vojsko, Praha.
700 1 _aSrnenská, Jarmila
_4trl
700 1 _aŠtuková, Ľubica
_4bkd
700 1 _aBlažo, Pavol
_4bkd
700 1 _aNágel, Dušan
_4bkd
958 _aA
999 _c12242
_d12242